Großstädte, 100km von der nächsten Landeshauptstadt entfernt - Statistiken

Allgemein
  • Dieses Quiz wurde 44 mal gespielt
  • Das Durchschnittsergebnis liegt bei 7 aus 9
Antwortstatistiken
Bundesland Antwort % Korrekt
Bayern Nürnberg
93%
Hessen Kassel
88%
Bayern Würzburg
88%
Bayern Fürth
81%
Bayern Regensburg
81%
Niedersachsen Osnabrück
76%
Bayern Erlangen
74%
Baden-Württemberg Freiburg im Breisgau
60%
NRW Gütersloh
36%
Keine übereinstimmenden Quizze gefunden
Verteilung der Resultate
Anzahl Personen mit jedem Resultat
Perzentil nach korrekt beantworteten Fragen
Ihre Resultats-Entwicklung
Sie haben dieses Quiz noch nicht gespielt